Comdex: Computer Programming Course kit: (Record no. 190)

MARC details
000 -LEADER
fixed length control field 00484nam a22001697a 4500
005 - DATE AND TIME OF LATEST TRANSACTION
control field 20180205154505.0
008 - FIXED-LENGTH DATA ELEMENTS--GENERAL INFORMATION
fixed length control field 160428b xxu||||| |||| 00| 0 eng d
020 ## - INTERNATIONAL STANDARD BOOK NUMBER
ISBN 81-7722229-5
041 ## - LANGUAGE CODE
Language code of text/sound track or separate title eng
082 ## - DEWEY DECIMAL CLASSIFICATION NUMBER
Item number 00660
Classification number 005.1
100 ## - MAIN ENTRY--AUTHOR NAME
Personal name Gupta, Vikas
245 ## - TITLE STATEMENT
Title Comdex: Computer Programming Course kit:
Remainder of title revolutionary3-stage self -learning system (book+CD)
260 ## - PUBLICATION, DISTRIBUTION, ETC. (IMPRINT)
Place of publication New Delhi
Name of publisher Dreamtech,
Year of publication 2002
300 ## - PHYSICAL DESCRIPTION
Number of Pages 608
650 ## - SUBJECT ADDED ENTRY--TOPICAL TERM
Topical Term Information Technology
942 ## - ADDED ENTRY ELEMENTS (KOHA)
Koha item type Books
Holdings
Lost status Damaged status Collection code Home library Current library Shelving location Date acquired Cost, normal purchase price Full call number Accession Number Koha item type
    CS/IT JRU Library JRU Library SHELF-49-I 28/04/2016 199.00 005.1 00660 Books
    CS/IT JRU Library JRU Library SHELF-49-I 28/04/2016 199.00 005.1 00661 Books
    CS/IT JRU Library JRU Library SHELF-49-I 28/04/2016 199.00 005.1 00662 Books
    CS/IT JRU Library JRU Library SHELF-49-I 28/04/2016 199.00 005.1 00663 Books